[Event "25th Liechtenstein Open"]
[Site "Triesen LIE"]
[Date "2007.05.18"]
[Round "8"]
[White "Sedina,E"]
[Black "Van der Weide,K"]
[Result "1/2-1/2"]
[WhiteElo "2352"]
[BlackElo "2502"]

1.e4 c5 2.Nf3 d6 3.Bb5+ Nd7 4.d4 Nf6 5.O-O cxd4 6.Qxd4 a6 7.Bxd7+ Bxd7 8.Bg5 h6
9.Bxf6 gxf6 10.Nc3 e6 11.Rfe1 Be7 12.a4 Rc8 13.Qe3 Kf8 14.Nd4 h5 15.Kh1 h4
16.h3 Qa5 17.f4 Qh5 18.f5 e5 19.Nf3 Rg8 20.Qe2 Rxc3 21.bxc3 Bc6 22.c4 Bd8
23.a5 Bc7 24.Red1 Qh6 25.Rd5 Qf4 26.Qd3 Rg3 27.Rf1 Kg7 28.Ra1 Bb8 29.Re1 Bxd5
30.exd5 Ba7 31.Qe4 Qh6 32.Kh2 Bf2 33.Rf1 Bd4 34.Rb1 Bf2 35.Rf1 Be3 36.Rb1 Qf4
37.Qxf4 Bxf4 38.Kh1 e4 39.Nd4 Ra3 40.Ne2 Be5 41.Kg1 Rxa5 42.Kf2 Ra2 43.c3 Bxc3
44.Ke3 Be5 45.Rxb7 Ra4 46.Nd4 Rxc4 47.Ne6+ Kg8 48.Rb8+ Kh7 49.Rb7 Kg8 50.Rb8+ Kh7
51.Rb7 Kg8  1/2-1/2

[Event "42nd Capablanca Mem Elite"]
[Site "Havana CUB"]
[Date "2007.05.20"]
[Round "3"]
[White "Delgado Ramirez,N"]
[Black "Miton,K"]
[Result "1/2-1/2"]
[WhiteElo "2547"]
[BlackElo "2653"]

1.e4 c5 2.Nf3 d6 3.Bb5+ Nd7 4.c3 Nf6 5.Qe2 a6 6.Ba4 Qc7 7.O-O c4 8.Bc2 e6
9.d4 cxd3 10.Bxd3 Be7 11.Bg5 O-O 12.Nbd2 b6 13.Nd4 Bb7 14.Rae1 Rfe8 15.f4 h6
16.Bh4 b5 17.e5 Nd5 18.Bg3 Bf8 19.Bb1 b4 20.c4 Ne7 21.Kh1 Nc6 22.N4b3 Rad8
23.Ne4 dxe5 24.fxe5 Ncxe5 25.c5 Qc8 26.Nd6 Bxd6 27.cxd6 f6 28.Rc1 Qa8 29.Qc2 f5
30.Qe2 Nf7 31.Rc7 Bd5 32.Bh4 Nxd6 33.Nd4 Nf8 34.Bxd8 Qxd8 35.Rfc1 Qf6 36.Nf3 Ng6
37.Qxa6 Ne4 38.Qb5 Rf8 39.Qxb4 Nf2+ 40.Kg1 Nh3+ 41.Kh1 Nf2+ 42.Kg1 Nh3+  1/2-1/2

[Event "42nd Capablanca Mem Abierto"]
[Site "Havana CUB"]
[Date "2007.05.21"]
[Round "4"]
[White "Fernandez Garcia,JoseL"]
[Black "Guerra Mendez,J"]
[Result "0-1"]
[WhiteElo "2467"]
[BlackElo "2399"]

1.e4 c5 2.Nf3 d6 3.Bb5+ Nc6 4.O-O Bd7 5.Re1 Nf6 6.c3 a6 7.Bf1 Bg4 8.d4 cxd4
9.cxd4 d5 10.e5 Nd7 11.h3 Bxf3 12.Qxf3 Nxd4 13.Qd1 Nc6 14.Qxd5 e6 15.Qb3 Qc7
16.Bf4 Ndxe5 17.Nd2 Bd6 18.Bg3 Nd4 19.Qd1 Nec6 20.Bxd6 Qxd6 21.Ne4 Qe7 22.Rc1 O-O
23.Qh5 Rfd8 24.Bc4 g6 25.Qh6 Nf5 26.Qg5 Qxg5 27.Nxg5 Rd2 28.Re2 Rad8 29.Rxd2 Rxd2
30.Bxa6 Nfd4 31.Bc4 Rxb2 32.Ne4 Rxa2 33.Rb1 Ra7 34.Nd6 Nd8 35.f4 Nf5 36.Rd1 Nxd6
37.Rxd6 Ra8 38.Rd7 Rc8 39.Bd3 b6 40.Kf2 Nc6 41.Be4 Na5 42.Ke3 Rc4 43.g4 Kg7
44.f5 Kf6 45.Bd3 Rc6 46.g5+ Kxg5 47.fxg6 hxg6 48.Rxf7 Nc4+ 49.Kd4 e5+ 50.Kd5 Rc5+
51.Ke6 e4 52.Be2 Re5+ 53.Kd7 b5 54.Rg7 e3 55.h4+ Kf6 56.Rg8 Rd5+  0-1

[Event "Nesis Rapid Cup"]
[Site "Kirishi RUS"]
[Date "2007.05.21"]
[Round "1"]
[White "Janovsky,S"]
[Black "Khalifman,A"]
[Result "1/2-1/2"]
[WhiteElo "2496"]
[BlackElo "2624"]

1.e4 c5 2.Nf3 d6 3.Bb5+ Nc6 4.O-O Bd7 5.Re1 Nf6 6.h3 a6 7.Bf1 Ne5 8.c3 Nxf3+
9.Qxf3 e5 10.a4 g6 11.a5 Bg7 12.Bc4 O-O 13.d3 h6 14.Be3 Bc6 15.Nd2 Kh7 16.g4 Ne8
17.Qg2 f5 18.f3 Qe7 19.Bb3  1/2-1/2

[Event "3rd UKR Games Women"]
[Site "Evpatoria UKR"]
[Date "2007.05.23"]
[Round "5"]
[White "Gritsayeva,O"]
[Black "Gorbatenko,K"]
[Result "1-0"]
[WhiteElo "2303"]
[BlackElo "2082"]

1.e4 c5 2.Nf3 d6 3.Bb5+ Bd7 4.Bxd7+ Qxd7 5.O-O Nc6 6.c3 Nf6 7.d4 cxd4 8.cxd4 Nxe4
9.d5 Ne5 10.Re1 Nf6 11.Nc3 Nxf3+ 12.Qxf3 Qg4 13.Qd3 g6 14.Be3 a6 15.Bd4 Bg7
16.Re3 Rd8 17.Rae1 O-O 18.Rxe7 Nxd5 19.Nxd5 Qxd4 20.Qxd4 Bxd4 21.Rxb7 Rfe8
22.Rxe8+ Rxe8 23.Kf1 Kg7 24.b4 Rc8 25.Nc7 Kf6 26.Ke2 Ke5 27.f3 Bg1 28.Kd3 Bxh2
29.Nxa6 Rc1 30.Rxf7 Ra1 31.Re7+ Kd5 32.b5 Bg1 33.Rxh7 Bc5 34.Re7 Rd1+ 35.Kc2 Ra1
36.Re4 Bb6 37.Kb3 Rb1+ 38.Ka4 Rg1 39.a3 Rxg2 40.Nb4+ Kc5 41.Nd3+  1-0

[Event "3rd UKR Games Women"]
[Site "Evpatoria UKR"]
[Date "2007.05.24"]
[Round "6"]
[White "Zavgorodnya,O"]
[Black "Gorbatenko,K"]
[Result "1-0"]
[WhiteElo "1992"]
[BlackElo "2082"]

1.e4 c5 2.Nf3 d6 3.Bb5+ Bd7 4.Bxd7+ Nxd7 5.O-O Ngf6 6.Qe2 e6 7.c3 Be7 8.d4 O-O
9.e5 Nd5 10.a4 cxd4 11.cxd4 Rc8 12.Na3 dxe5 13.Nxe5 Nxe5 14.dxe5 Bc5 15.Qg4 Kh8
16.Bd2 Qe7 17.Nc4 b6 18.Rac1 Rc7 19.Qg3 Qd7 20.b3 Rc6 21.Kh1 Rfc8 22.f4 a6
23.Qd3 Qb7 24.Rb1 R6c7 25.f5 Rd7 26.Qh3 b5 27.axb5 axb5 28.fxe6 fxe6 29.Na5 Qb6
30.b4 Bxb4 31.Bxb4 Nxb4 32.Rxb4 Qxa5 33.Rbf4 Qa8 34.Qxe6 Rdd8 35.Qe7 Re8
36.Qb4 Qb8 37.e6 h6 38.Rf7 Rg8 39.e7 Qe5 40.Rf8 Qe6 41.Rxc8 Rxc8  1-0

[Event "50th TCh-SRB Cup"]
[Site "Mataruska Banja SRB"]
[Date "2007.05.24"]
[Round "4"]
[White "Savic,Miod1"]
[Black "Solak,D"]
[Result "0-1"]
[WhiteElo "2535"]
[BlackElo "2575"]

1.e4 c5 2.Nf3 d6 3.Bb5+ Bd7 4.Bxd7+ Qxd7 5.O-O Nc6 6.Re1 Nf6 7.c3 e6 8.d3 Be7
9.Bf4 O-O 10.a4 d5 11.Ne5 Nxe5 12.Bxe5 Rfd8 13.Na3 Qc6 14.Qc2 a6 15.c4 d4
16.Bxf6 Bxf6 17.f4 e5 18.fxe5 Bxe5 19.Rf1 Qc7 20.h3 Rd6 21.Rf5 Rf6 22.Rxf6 Bxf6
23.Rf1 Re8 24.Qd2 Qb6 25.Rf5 Be5 26.Qf2 Qb3 27.Qc2 Qb4 28.Rf1 Re6 29.Nb1 Rb6
30.Qe2 Qxa4 31.Nd2 Qe8 32.b3 g6 33.Qd1 h5 34.Nf3 Qe7 35.Qc2 Kg7 36.Qf2 f6
37.Qa2 Bf4 38.Kh1 Bc7 39.Re1 Re6 40.Qf2 Be5 41.Rg1 g5 42.g3 Rb6 43.Nd2 Qe6
44.Kg2 Rc6 45.Qe2 Kg6 46.Rf1 Qe7 47.Rf5 Re6 48.Nf3 Qd6 49.Qf2 b5 50.Qd2 Qd8
51.Qc1 b4 52.Qf1 Qd6 53.Qc1 Qd8 54.h4 g4 55.Ng1 a5 56.Ne2 a4 57.bxa4 Qa8
58.Rf2 Qb8 59.Qb2 Ra6 60.Qb3 Qa8 61.Qc2 Rxa4 62.Qd2 Qb8 63.Rf1 b3 64.Rb1 Ra2
65.Rb2 Rxb2 66.Qxb2 Qb4 67.Kf2 Bc7 68.Kf1 Ba5 69.Nc1 Qe1+ 70.Kg2 Bd2 71.Nxb3 Qe2+
72.Kh1 Qf1+ 73.Kh2 Qh3+  0-1

[Event "XXII Felix Cup"]
[Site "Felix Spa ROM"]
[Date "2007.05.25"]
[Round "1"]
[White "Sanduleac,V"]
[Black "Turlea,C"]
[Result "1-0"]
[WhiteElo "2449"]
[BlackElo "1975"]

1.e4 c5 2.Nf3 d6 3.Bb5+ Bd7 4.Bxd7+ Qxd7 5.O-O Nc6 6.c3 Nf6 7.Qe2 e6 8.Rd1 Be7
9.d4 cxd4 10.cxd4 O-O 11.Nc3 Rfd8 12.d5 Ne5 13.dxe6 Nxf3+ 14.Qxf3 Qxe6 15.Be3 Ng4
16.Nd5 Nxe3 17.Qxe3 Rdc8 18.Rac1 Bd8 19.Rxc8 Rxc8 20.Qxa7 Qxe4 21.Qxb7 Qe2
22.Rf1 Qe6 23.g3 g6 24.a4 Kg7 25.b4 Rc2 26.a5  1-0

[Event "XXII Felix Cup"]
[Site "Felix Spa ROM"]
[Date "2007.05.26"]
[Round "2"]
[White "Nemes,S"]
[Black "Itkis,B"]
[Result "1/2-1/2"]
[WhiteElo "2134"]
[BlackElo "2429"]

1.e4 c5 2.Nf3 d6 3.Bb5+ Nd7 4.O-O a6 5.Bxd7+ Bxd7 6.c3 Nf6 7.Re1 Bc6 8.d4 Bxe4
9.Bg5 Bd5 10.Nbd2 e6 11.c4 Bxf3 12.Qxf3 cxd4 13.Bxf6 gxf6 14.Qxb7 Qc8 15.Qe4 Be7
16.Qxd4  1/2-1/2

[Event "Okie Masters"]
[Site "Tulsa USA"]
[Date "2007.05.27"]
[Round "3"]
[White "Movsisyan,M"]
[Black "Bayaraa,Z"]
[Result "1-0"]
[WhiteElo "2280"]
[BlackElo "2155"]

1.e4 c5 2.Nf3 d6 3.Bb5+ Bd7 4.Bxd7+ Qxd7 5.O-O Nc6 6.c3 Nf6 7.Re1 e5 8.d4 g6
9.Bg5 Bg7 10.Na3 h6 11.Bxf6 Bxf6 12.dxc5 dxc5 13.Qxd7+ Kxd7 14.Rad1+ Ke6
15.Rd5 Be7 16.Nc4 f6 17.Red1 Rad8 18.a4 b6  1-0

[Event "XXII Felix Cup"]
[Site "Felix Spa ROM"]
[Date "2007.05.28"]
[Round "6"]
[White "Bulmaga,I"]
[Black "Adam,I"]
[Result "1-0"]
[WhiteElo "2149"]
[BlackElo "2150"]

1.e4 c5 2.Nf3 d6 3.Bb5+ Nc6 4.Bxc6+ bxc6 5.e5 g6 6.exd6 exd6 7.O-O Bh6 8.d4 Bxc1
9.Qxc1 c4 10.b3 cxb3 11.cxb3 Ne7 12.Qh6 Nf5 13.Re1+ Be6 14.Qc1 Qb6 15.Qf4 Kd7
16.Nc3 g5 17.Nxg5 Qxd4 18.Nge4 Qe5 19.Qd2 Rad8 20.Rad1 Ke7 21.Ng3 Qf6 22.Nce4 Qg6
23.Nxf5+ Qxf5 24.Nxd6 Qc5 25.b4 Qh5 26.Qf4 Rhg8 27.Nf5+ Qxf5 28.Qxf5 Rxd1
29.Qc5+ Rd6 30.f4 f5 31.Qxa7+ Kf6 32.Qxh7 Rg7 33.Qh4+ Kf7 34.Qh5+ Kf6 35.Qe2 Rgd7
36.Qe5+ Kf7 37.a4 Kg6 38.Qxe6+ Rxe6 39.Rxe6+ Kh5 40.Rxc6 Rd4 41.Rb6 Kg4 42.a5 Kxf4
43.a6 Rd1+ 44.Kf2 Rd2+ 45.Kf1 Ra2 46.b5 Ke3 47.Re6+ Kd4 48.Re2 Ra1+ 49.Kf2 f4
50.Rb2 Kc3 51.b6  1-0

[Event "42nd Capablanca Mem Abierto"]
[Site "Havana CUB"]
[Date "2007.05.28"]
[Round "10"]
[White "De la Paz Perdomo,F"]
[Black "Morales,P"]
[Result "1-0"]
[WhiteElo "2474"]
[BlackElo "2340"]

1.e4 c5 2.Nf3 d6 3.Bb5+ Bd7 4.Bxd7+ Qxd7 5.O-O Nc6 6.b3 Nf6 7.Qe2 g6 8.Bb2 Bg7
9.c4 O-O 10.d4 Nh5 11.Qd2 Qg4 12.h3 Qxe4 13.d5 Bxb2 14.Re1 Qf4 15.Qxb2 Nb4
16.Qc3 Qf6 17.Qd2 Rfe8 18.Nc3 Qf4 19.Re3 e5 20.Ne4 Red8 21.a3 Na6 22.Nfg5 Nf6
23.Nxf6+ Qxf6 24.Rf3 Qe7 25.Rxf7 Qxf7 26.Nxf7 Kxf7 27.f4 e4 28.f5 Ke7 29.fxg6 hxg6
30.Rf1  1-0

[Event "Enci Limburg Open"]
[Site "Maastricht NED"]
[Date "2007.05.28"]
[Round "6"]
[White "Geuss,P"]
[Black "Clemens,A"]
[Result "1-0"]
[WhiteElo "2138"]
[BlackElo "2327"]

1.e4 c5 2.Nf3 d6 3.Bb5+ Bd7 4.Bxd7+ Qxd7 5.O-O Nf6 6.Qe2 Nc6 7.Rd1 e6 8.d4 cxd4
9.Nxd4 Be7 10.c4 Nxd4 11.Rxd4 Qc6 12.Nc3 O-O 13.b3 Rfd8 14.Ba3 a6 15.Rd3 b5
16.cxb5 axb5 17.Bb4 Ne8 18.Rad1 Bf6 19.f4 Qb6+ 20.Kh1 Be7 21.f5 Bf6 22.fxe6 fxe6
23.Qg4 d5 24.exd5 Bxc3 25.Bxc3 Rxd5 26.Rxd5 exd5 27.Rf1 Rd8 28.Ba5  1-0

[Event "10th IHEM"]
[Site "Hamburg GER"]
[Date "2007.05.29"]
[Round "4"]
[White "Lindinger,M"]
[Black "Van der Weide,K"]
[Result "1/2-1/2"]
[WhiteElo "2307"]
[BlackElo "2502"]

1.e4 c5 2.Nf3 d6 3.Bb5+ Nd7 4.d4 Nf6 5.Nc3 cxd4 6.Qxd4 e5 7.Qd3 h6 8.a4 Be7
9.O-O O-O 10.Be3 Qc7 11.Bc4 Nc5 12.Bxc5 Qxc5 13.Nh4 Kh7 14.Nf5 Bxf5 15.exf5 Rac8
16.Bb3 Kg8 17.Rad1  1/2-1/2

[Event "zt 2.3 w"]
[Site "Santo Domingo DOM"]
[Date "2007.05.30"]
[Round "2"]
[White "Munoz,Do"]
[Black "Han,Ir"]
[Result "0-1"]
[WhiteElo "1938"]
[BlackElo "2072"]

1.e4 c5 2.Nf3 d6 3.Bb5+ Bd7 4.Bxd7+ Qxd7 5.c4 Nc6 6.d4 cxd4 7.Nxd4 Nf6 8.Nc3 g6
9.O-O Bg7 10.Nde2 O-O 11.f3 Rfc8 12.Rb1 Rab8 13.b3 a6 14.Bb2 e6 15.Qd2 b5
16.cxb5 axb5 17.Qe3 b4 18.Na4 Qa7 19.Qxa7 Nxa7 20.Rbc1 d5 21.Be5 Rxc1 22.Rxc1 Rc8
23.Rxc8+ Nxc8 24.exd5 Nxd5 25.Bxg7 Kxg7 26.Nd4 Na7 27.Kf2 e5 28.Nc2 Nb5 29.g3 Kf6
30.h3 Ke7 31.Ke1 Kd6 32.Kd2 f5 33.Kd3 Kc6 34.h4 h5 35.Kd2 e4 36.f4 Kd6 37.Ke1 Nbc3
38.Nxc3 Nxc3 39.Nxb4 Kc5 40.a3 Kd4 41.Nc6+ Ke3 42.Ne5 Nd5 43.b4 Nc3 44.Kf1 Kd2
45.Nc4+ Kd3 46.Ne5+ Kd2 47.Nc4+ Kd1 48.Kf2 Kc2 49.a4 Nxa4 50.b5 Kc3 51.b6 Nc5
52.Na5 Nd7 53.b7 Nb8 54.Ke2 Kb4  0-1

[Event "8th United Insurance"]
[Site "Dhaka BAN"]
[Date "2007.05.31"]
[Round "6"]
[White "Girinath,P"]
[Black "Rahman,Zia"]
[Result "1-0"]
[WhiteElo "2378"]
[BlackElo "2543"]

1.e4 c5 2.Nf3 d6 3.Bb5+ Nd7 4.d4 Nf6 5.Nc3 cxd4 6.Qxd4 a6 7.Bxd7+ Nxd7 8.Bg5 f6
9.Be3 e6 10.Qc4 Ne5 11.Qb3 Nxf3+ 12.gxf3 Be7 13.f4 b5 14.O-O-O Kf7 15.f5 Rb8
16.Rhg1 g6 17.Ne2 Qc7 18.Nf4 gxf5 19.exf5 Qc4 20.fxe6+ Bxe6 21.Nxe6 Qxb3
22.axb3 Kxe6 23.Bf4 Rbg8 24.Rge1+ Kd7 25.Re3 Rg6 26.Rd5 h5 27.Red3 Ke6 28.h3 Rg2
29.c4 Rc8 30.Re3+ Kd7 31.Rxh5 Rxf2 32.Bg3 Rg2 33.Rh7 Re8 34.Bh4 Rg1+ 35.Kd2 Rf1
36.Rf7 bxc4 37.bxc4 Rf4 38.Bxf6 Kc6 39.Rfxe7 Rxe7 40.Bxe7 Rxc4 41.Rc3  1-0

[Event "XXII Felix Cup"]
[Site "Felix Spa ROM"]
[Date "2007.05.31"]
[Round "9"]
[White "Dinic,Dr"]
[Black "Turlea,C"]
[Result "1-0"]
[WhiteElo "2341"]
[BlackElo "1975"]

1.e4 c5 2.Nf3 d6 3.Bb5+ Nc6 4.O-O Bg4 5.c3 a6 6.Be2 Nf6 7.d3 e5 8.Nbd2 Be7
9.Re1 O-O 10.Qc2 Re8 11.Nf1 d5 12.Ng3 d4 13.h3 Bd7 14.Nh2 Qc7 15.Rf1 Rac8
16.c4 Bd6 17.Bg5 Be7 18.Qd1 h6 19.Bd2 Bd6 20.Ng4 Qd8 21.Nxf6+ Qxf6 22.Bg4 Bxg4
23.Qxg4 Rc7 24.Nf5 Kh8 25.f4 exf4 26.Nxd6 Qxd6 27.Bxf4 Ne5 28.Qh5 Qe6 29.Bxe5 Qxe5
30.Rf5 Qe7 31.Raf1 Rf8 32.R1f3 Kg8 33.Qg4 Rc6 34.b3 b6 35.Qf4 Rg6 36.h4 Rc6
37.h5 Qc7 38.Qg4 Qe7 39.Rg3 f6 40.Qf4 Kh8 41.Rg6 Re6 42.Qg4 Rf7 43.Rd5 a5
44.Qf5 Qe8 45.a4 Rfe7 46.Qg4 Kh7 47.Qg3 Qf8 48.Qg4 Qe8 49.Qg3 Qf8 50.Qf3 Re5
51.Rd6 R7e6 52.Rxe6 Rxe6 53.Qf5 Re5 54.Rxh6+ Kg8 55.Qh7+ Kf7 56.Rg6 Ke6 57.Rxg7 Rxh5
58.Qxh5  1-0

[Event "TCh-FRA Top 16"]
[Site "Clichy FRA"]
[Date "2007.06.01"]
[Round "9"]
[White "Bergez,L"]
[Black "Guidarelli,L"]
[Result "0-1"]
[WhiteElo "2398"]
[BlackElo "2458"]

1.e4 c5 2.Nf3 d6 3.Bb5+ Bd7 4.Bxd7+ Qxd7 5.O-O Nc6 6.c3 Nf6 7.Re1 e6 8.d4 cxd4
9.cxd4 d5 10.e5 Ng8 11.Nc3 Nge7 12.Ne2 Rc8 13.Bd2 h5 14.Nh4 Rc7 15.b4 Nc8
16.Qb3 b5 17.a4 bxa4 18.Rxa4 Nb6 19.b5 Nxa4 20.bxc6 Qxc6 21.Rc1 Rb7 22.Qg3 Qd7
23.Ng6 fxg6 24.Qxg6+ Kd8 25.Bg5+ Be7 26.Nf4 Rb6 27.Qxg7 Re8 28.Nxh5 Bxg5
29.Qxg5+ Qe7 30.Nf6 Nb2 31.h4 Nc4 32.h5 Kc7 33.h6 Kc6 34.g4 Rb7 35.Kg2 a5
36.Ra1 Rf8 37.Qg6 Rb2 38.g5 Ne3+ 39.Kg1 Nf5 40.Rc1+ Kb7 41.Rc5 a4 42.Ng8 Qf7
43.Qxf7+ Rxf7 44.Nf6 a3 45.Ra5 a2 46.g6 Rc7 47.h7 Rc1+ 48.Kh2 Rxf2+ 49.Kh3 Rc3+  0-1

[Event "10th IHEM"]
[Site "Hamburg GER"]
[Date "2007.06.01"]
[Round "7"]
[White "Rosmann,I"]
[Black "Kjetsae,J"]
[Result "1-0"]
[WhiteElo "2242"]
[BlackElo "2100"]

1.e4 c5 2.Nf3 d6 3.Bb5+ Bd7 4.Bxd7+ Qxd7 5.O-O Nc6 6.c3 Nf6 7.Re1 e6 8.d4 cxd4
9.cxd4 d5 10.e5 Ne4 11.Nbd2 Nxd2 12.Bxd2 Be7 13.Be3 O-O 14.Nd2 Rac8 15.Qg4 f5
16.exf6 Bxf6 17.Nb3 b6 18.Bd2 a5 19.Bc3 Rce8 20.Re2 Re7 21.Rae1 Rfe8 22.Nc1 Qd6
23.Nd3 h5 24.Qxh5 Bxd4 25.Bxd4 Nxd4 26.Re5 Nc6 27.Rg5 Rf8 28.Re3 Nb4 29.Rh3 Nxd3
30.Qh7+ Kf7 31.Qg6+ Kg8 32.Rgh5  1-0

[Event "29th Mem Nezhmetdinov"]
[Site "Kazan RUS"]
[Date "2007.06.01"]
[Round "1"]
[White "Turkin,V"]
[Black "Poleshchuk,D"]
[Result "1-0"]
[WhiteElo "2299"]
[BlackElo "2056"]

1.e4 c5 2.Nf3 d6 3.Bb5+ Bd7 4.Bxd7+ Nxd7 5.O-O Ngf6 6.Re1 e6 7.b3 Be7 8.Bb2 Qc7
9.d3 O-O-O 10.a4 h6 11.Na3 a6 12.Nc4 Rhg8 13.a5 g5 14.e5 Ne8 15.exd6 Nxd6
16.Nfe5 Nxc4 17.Nxc4 g4 18.Re4 h5 19.Qe2 Rg6 20.d4 cxd4 21.Bxd4 Kb8 22.Bb6 Nxb6
23.axb6 Qc8 24.Ne5 Qc3 25.Rd1 Rf8 26.Nd7+ Ka8 27.Rc4 Qa5 28.Ra4  1-0

[Event "TCh-FRA Top 16"]
[Site "Clichy FRA"]
[Date "2007.06.02"]
[Round "10"]
[White "Tiviakov,S"]
[Black "Collas,D"]
[Result "1-0"]
[WhiteElo "2663"]
[BlackElo "2472"]

1.e4 c5 2.Nf3 d6 3.Bb5+ Bd7 4.Bxd7+ Qxd7 5.c4 Nc6 6.Nc3 g6 7.d4 cxd4 8.Nxd4 Bg7
9.Be3 Nf6 10.f3 O-O 11.O-O Nxd4 12.Bxd4 Rfc8 13.b3 Qd8 14.Rc1 a6 15.Qe2 Nd7
16.Bxg7 Kxg7 17.Rfd1 Rc6 18.Kh1 e6 19.f4 Rac8 20.a4 e5 21.f5 Qg5 22.Nd5 Re8
23.Rf1 gxf5 24.exf5 Nf6 25.Rc3 Kh8 26.Rg3 Qh4 27.Qf2 Qh6 28.Rh3 Qg5 29.Qa7 Nxd5
30.Qxb7 Rec8 31.Rxh7+ Kxh7 32.Qxf7+ Kh8 33.Qxd5 Rb6 34.f6 Rf8 35.h3 Rxb3
36.Qxd6 Rg8 37.Qd5 Qh4 38.Qxe5 Rxh3+ 39.gxh3 Qxh3+ 40.Qh2 Qxh2+ 41.Kxh2 Rc8
42.f7 Kg7 43.c5 Kf8 44.Rf5 Rd8 45.c6 Rd6 46.c7 Rc6 47.Rh5  1-0

[Event "TCh-FRA Top 16"]
[Site "Clichy FRA"]
[Date "2007.06.02"]
[Round "10"]
[White "Rozentalis,E"]
[Black "Glek,I"]
[Result "1/2-1/2"]
[WhiteElo "2578"]
[BlackElo "2531"]

1.e4 c5 2.Nf3 d6 3.Bb5+ Bd7 4.Bxd7+ Qxd7 5.O-O Nc6 6.Re1 Nf6 7.b3 g6 8.c3 Bg7
9.d4 cxd4 10.cxd4 d5 11.e5 Ne4 12.Nbd2 Nc3 13.Qc2 Nb5 14.Bb2 Nb4 15.Qb1 Rc8
16.Rc1 O-O 17.a4 Nc7 18.Ba3 Nca6 19.Ne1 f6 20.Ndf3 Bh6 21.Rxc8 Rxc8 22.Qd1 Rc3
23.Bb2 Rc6 24.Bc1 Bxc1 25.Rxc1 Nc7 26.Rxc6 Qxc6 27.Qd2 a5 28.h4 Ne6 29.g3 Kg7
30.Qe3 b6 31.exf6+ exf6 32.h5 g5 33.Qe2 Kf7 34.Qd1 Qc3 35.Qb1 Kg8 36.Qf5 Kg7
37.Kg2 Qc1 38.Kh2 Qc2 39.Qxc2  1/2-1/2

[Event "29th Mem Nezhmetdinov"]
[Site "Kazan RUS"]
[Date "2007.06.02"]
[Round "2"]
[White "Islamov,M"]
[Black "Nikitina,E"]
[Result "1-0"]
[WhiteElo "2214"]
[BlackElo "2078"]

1.e4 c5 2.Nf3 d6 3.Bb5+ Bd7 4.Bxd7+ Nxd7 5.O-O Ngf6 6.Qe2 e6 7.c3 Be7 8.d4 Qc7
9.Bf4 e5 10.Bg3 Nh5 11.Na3 Nxg3 12.hxg3 O-O 13.Nc4 Bf6 14.dxe5 dxe5 15.Ne3 Qc6
16.Nd5 b5 17.Rad1 c4 18.Rd2 Rfe8 19.Rfd1 Nb6 20.Nxb6 Qxb6 21.Rd6 Qc7 22.Rd7 Qa5
23.R1d6 Rad8 24.a3 Rxd7 25.Rxd7 Qb6 26.Qd1 Qc6 27.Qd5 Qxd5 28.Rxd5 a6 29.Rd7 Kf8
30.Kf1 Re7 31.Rd8+ Re8 32.Rd6 Re6 33.Rd7 Re7 34.Rd5 Ke8 35.Ke2 g6 36.Nd2 Rd7
37.Rc5 Ke7 38.f4 Ke6 39.Rc8 Rd8 40.fxe5 Kxe5 41.Rc6 Rd6 42.Nf3+ Ke6 43.Rc5 Kd7
44.e5 Re6 45.Ke3 Be7 46.Rd5+ Kc6 47.Rd1 Kc7 48.Kf4 h6 49.Nd4 Bg5+ 50.Ke4 Re8
51.g4 Kb6 52.Nf3 Rd8 53.Rxd8 Bxd8 54.Kd5 Be7 55.e6 fxe6+ 56.Kxe6 Bc5 57.Nd4 a5
58.Nc2 Bf2 59.Kd5 Bh4 60.a4 Bg5 61.axb5 Kxb5 62.Nd4+ Kb6 63.Kxc4 h5 64.gxh5 gxh5
65.b3 Be7 66.Ne6 h4 67.Kd5 Kb7 68.c4 Kb6 69.c5+ Kb7 70.c6+ Kb6 71.Ng7 Kc7
72.Nf5 Bf6 73.Kc5 Bg5 74.Kb5 Bd8 75.Ng7 Kc8 76.Ne6 Bc7 77.Nxc7 Kxc7  1-0

[Event "TCh-BIH"]
[Site "Vogosca BIH"]
[Date "2007.06.02"]
[Round "1"]
[White "Arapovic,V"]
[Black "Benderac,S"]
[Result "1/2-1/2"]
[WhiteElo "2379"]
[BlackElo "2289"]

1.e4 c5 2.Nf3 d6 3.Bb5+ Bd7 4.Bxd7+ Nxd7 5.O-O Ngf6 6.Re1 e6 7.c4 Ne5 8.Nc3 Be7
9.d3 O-O 10.b3 Nfd7 11.Bb2 Bf6 12.Qe2 a6 13.Nxe5 Bxe5 14.Nd1 Bxb2 15.Qxb2  1/2-1/2

[Event "Doroshkevich Mem"]
[Site "Belorechensk RUS"]
[Date "2007.06.03"]
[Round "6"]
[White "Cherniaev,A1"]
[Black "Kruchev,B"]
[Result "0-1"]
[WhiteElo "2487"]
[BlackElo "2283"]

1.e4 c5 2.Nf3 d6 3.Bb5+ Bd7 4.c4 Nc6 5.Nc3 g6 6.d4 cxd4 7.Nxd4 Bg7 8.Be3 Nf6
9.f3 O-O 10.O-O Rc8 11.Nde2 a6 12.Ba4 Ne5 13.Bxd7 Qxd7 14.b3 b5 15.cxb5 axb5
16.Qd2 Qb7 17.Rac1 Rfd8 18.Rfd1 h5 19.Kh1 Rd7 20.Nd5 Rxc1 21.Rxc1 e6 22.Nxf6+ Bxf6
23.Nf4 Nc6 24.Qc2 Ne7 25.Nd3 Kh7 26.Kg1 Qa8 27.Qe2 d5 28.e5 Bg7 29.Bc5 Bh6
30.Rc2 Nf5 31.g4 Nh4 32.Bf2 Qd8 33.h3 f5 34.Nc5 Rf7 35.Nxe6 Qe7 36.g5 Bxg5
37.Rc6 Bh6 38.Kf1 f4 39.Bxh4 Qxh4 40.Qd2 Qe7 41.Qc2 Bg7 42.Nxg7 Rxg7 43.e6 Qh4
44.Qg2 Qf6 45.Qe2 Qh4 46.Qg2 Re7 47.Rd6 d4 48.Ke2 Qf6 49.Kd2 Rxe6  0-1

[Event "Doroshkevich Mem"]
[Site "Belorechensk RUS"]
[Date "2007.06.03"]
[Round "6"]
[White "Bondarev,B1"]
[Black "Kryakvin,D"]
[Result "0-1"]
[WhiteElo "2100"]
[BlackElo "2539"]

1.e4 c5 2.Nf3 d6 3.Bb5+ Nc6 4.O-O Bd7 5.Re1 a6 6.Bxc6 Bxc6 7.e5 e6 8.d4 dxe5
9.dxe5 Qxd1 10.Rxd1 Ne7 11.Nbd2 Rd8 12.b3 Nf5 13.Bb2 Be7 14.g4 Nd4 15.Nxd4 cxd4
16.a3 h5 17.b4 hxg4 18.Nb3 d3 19.Rxd3 Rxd3 20.cxd3 Rh3 21.Nc1 Bg5 22.Bd4 Bf4
23.Ne2 Bxh2+ 24.Kf1 Rxd3 25.Rc1 Rxa3  0-1

[Event "TCh-FRA Top 16"]
[Site "Clichy FRA"]
[Date "2007.06.03"]
[Round "11"]
[White "Skripchenko,A"]
[Black "Collas,S"]
[Result "1/2-1/2"]
[WhiteElo "2428"]
[BlackElo "2401"]

1.e4 c5 2.Nf3 d6 3.Bb5+ Bd7 4.Bxd7+ Qxd7 5.O-O Nf6 6.Qe2 Nc6 7.Rd1 e6 8.d4 cxd4
9.Nxd4 Be7 10.c4 O-O 11.Nc3 Nxd4 12.Rxd4 Qc6 13.b3 Rfd8 14.Bb2 Ne8 15.Rad1 Bf6
16.R4d3 a6 17.a4 Qb6 18.Qc2 Qc6 19.Kh1 Rdc8 20.Qe2 Qb6 21.Qc2 Qc5 22.Qe2 Qb6
23.Qc2  1/2-1/2

[Event "29th Mem Nezhmetdinov"]
[Site "Kazan RUS"]
[Date "2007.06.03"]
[Round "3"]
[White "Andreev,Ed UKR"]
[Black "Gerasimov,I"]
[Result "1/2-1/2"]
[WhiteElo "2433"]
[BlackElo "2262"]

1.e4 c5 2.Nf3 d6 3.Bb5+ Bd7 4.Bxd7+ Nxd7 5.O-O Ngf6 6.Qe2 Rc8 7.c4 g6 8.Nc3 Bg7
9.b3 O-O 10.d4 cxd4 11.Nxd4 a6 12.Bb2 Re8 13.Rfd1  1/2-1/2

[Event "35th World Open"]
[Site "King of Prussia USA"]
[Date "2007.06.03"]
[Round "6"]
[White "Becerra Rivero,J"]
[Black "Najer,E"]
[Result "1/2-1/2"]
[WhiteElo "2544"]
[BlackElo "2624"]

1.e4 c5 2.Nf3 d6 3.Bb5+ Nc6 4.O-O Bd7 5.Re1 Nf6 6.d3 g6 7.Bxc6 Bxc6 8.e5 dxe5
9.Nxe5 Qd5 10.Nxc6 Qxc6 11.Nd2 Bg7 12.Nc4 Nd5 13.a4 O-O 14.Qf3 e6 15.Qh3 Rae8
16.Bh6 Bxh6 17.Qxh6 f6 18.f4 Nb4 19.Re2 Qd7 20.a5 Nc6 21.Qh3 Qd4+ 22.Qe3 Re7
23.c3  1/2-1/2

[Event "zt 2.3"]
[Site "Santo Domingo DOM"]
[Date "2007.06.03"]
[Round "7"]
[White "Gonzalez,Be CRC"]
[Black "Dominguez Perez,L"]
[Result "0-1"]
[WhiteElo "2434"]
[BlackElo "2678"]

1.e4 c5 2.Nf3 d6 3.Bb5+ Bd7 4.Bxd7+ Nxd7 5.O-O Ngf6 6.Qe2 e6 7.c3 Be7 8.d4 O-O
9.e5 Ne8 10.dxc5 Nxc5 11.Rd1 Qc8 12.Na3 dxe5 13.Nxe5 Nf6 14.Nac4 Nd5 15.Ne3 Nf6
16.N3g4 Nxg4 17.Qxg4 Qc7 18.Bf4 Bd6 19.Ng6 Rfd8 20.Bxd6 Rxd6 21.Nf4 Rad8
22.Nh5 f5 23.Qe2 Nd3 24.Rab1 f4 25.h3 Qf7 26.Rd2 Nc1  0-1

[Event "7th ch-Euro Senior"]
[Site "Hockenheim GER"]
[Date "2007.06.05"]
[Round "4"]
[White "Jicman,L"]
[Black "Neese,H"]
[Result "0-1"]
[WhiteElo "2167"]
[BlackElo "2287"]

1.e4 c5 2.Nf3 d6 3.Bb5+ Nd7 4.c3 a6 5.Ba4 Nf6 6.Qe2 b5 7.Bc2 Bb7 8.d3 g6
9.Nbd2 Bg7 10.Nf1 Qc7 11.Ng3 Rc8 12.O-O O-O 13.h3 e5 14.a4 b4 15.cxb4 cxb4
16.Bb3 Nc5 17.Bc4 d5 18.exd5 Nxd5 19.Bd2 Nf4 20.Qe3 a5 21.d4 Nce6 22.Rac1 exd4
23.Qb3 Qd6 24.Bxf4 Qxf4 25.Ne2 Qf6 26.Bxe6 Rxc1 27.Rxc1 Bxf3 28.Bc4 Bb7 29.Rd1 Qc6
30.f3 Qd6 31.Qd3 Rd8 32.b3 Be5 33.f4 Bf6 34.f5 Kg7 35.fxg6 fxg6 36.Rf1 Qe5
37.Nf4 Rd6 38.Qg3 Kh6 39.Re1 Qg5 40.Qf2 d3 41.Qd2 Bc3 42.h4 Qc5+ 43.Qf2 Bd4
44.Nxd3 Bxf2+ 45.Nxf2 Rd2 46.Be2 Kg7 47.Kf1 Ba6  0-1

[Event "29th Mem Nezhmetdinov"]
[Site "Kazan RUS"]
[Date "2007.06.06"]
[Round "6"]
[White "Amirkhanov,Ro"]
[Black "Voitsekhovsky,S"]
[Result "1/2-1/2"]
[WhiteElo "2242"]
[BlackElo "2503"]

1.e4 c5 2.Nf3 d6 3.Bb5+ Nc6 4.Bxc6+ bxc6 5.d3 e5 6.h3 f5 7.c4 fxe4 8.dxe4 Be7
9.Nc3 Nf6 10.Bg5 O-O 11.Qd2 Be6 12.b3 a5 13.O-O Nh5 14.Bxe7 Qxe7 15.Qg5 Qe8
16.Rfd1 h6 17.Qe3 Qe7 18.Kh2 Rf7 19.Rd2 Raf8 20.Ng1 Rf6 21.Rad1 Bc8 22.f3 Nf4
23.Nce2 Ng6 24.Rc2 Qd7 25.Qd2 Rd8 26.Kh1 Qc7 27.Kh2  1/2-1/2

[Event "29th Mem Nezhmetdinov"]
[Site "Kazan RUS"]
[Date "2007.06.06"]
[Round "6"]
[White "Sharafiev,A"]
[Black "Askarov,M"]
[Result "0-1"]
[WhiteElo "2280"]
[BlackElo "2561"]

1.e4 c5 2.Nf3 d6 3.Bb5+ Bd7 4.Bxd7+ Qxd7 5.O-O Nc6 6.c3 Nf6 7.Re1 e6 8.d4 cxd4
9.cxd4 d5 10.e5 Ne4 11.Nbd2 Nxd2 12.Bxd2 Be7 13.Rc1 O-O 14.Rc3 Rfc8 15.a3 Qd8
16.Rd3 Na5 17.h4 Nc4 18.Bc1 Rc6 19.h5 Rac8 20.Nh2 h6 21.Ng4 Bg5 22.Rg3 Kf8
23.Bxg5 Qxg5 24.Nf6 Qf5 25.Qb3 a5 26.Nh7+ Kg8 27.Nf6+ Kh8 28.Qxb7 R6c7 29.Nxd5 exd5
30.Qxd5 Qc2 31.Rf1 Nxb2  0-1